[Event "Solingen-ch 2017"]
[Site "Solingen"]
[Date "2017.12.15"]
[Round "7.6"]
[White "Boschek, Dr. Hans-Joachim"]
[Black "Riesen, Peter"]
[Result "1/2-1/2"]
[WhiteElo "1915"]
[BlackElo "1801"]
[PlyCount "47"]
[EventDate "2017.??.??"]
[WhiteTeam "SG Solingen"]
[BlackTeam "Klub Kölner SF"]

1. e4 e5 2. Nf3 Nc6 3. Bc4 Bc5 4. d3 Nf6 5. c3 d5 6. exd5 Nxd5 7. O-O O-O 8.
Bg5 Be7 9. Bxe7 Ndxe7 10. Re1 Ng6 11. Nbd2 Re8 12. Nf1 Na5 13. Ne3 Nxc4 14.
Nxc4 Bg4 15. h3 Bxf3 16. Qxf3 b5 17. Nd2 Qd7 18. Ne4 Rad8 19. Rad1 Qd5 20. b3
a6 21. Qg4 Qd7 22. Qg3 c6 23. h4 Qf5 24. Qg5 1/2-1/2

[Event "Solingen-ch 2017"]
[Site "Solingen"]
[Date "2017.12.15"]
[Round "7.8"]
[White "Alexopoulos, Dr. Spiros"]
[Black "von Häfen, Dieter"]
[Result "1-0"]
[WhiteElo "1883"]
[BlackElo "1630"]
[PlyCount "39"]
[EventDate "2017.??.??"]
[WhiteTeam "Aachener SV"]
[BlackTeam "SV Hennef"]

1. e4 e6 2. d4 d5 3. Nc3 Bb4 4. Bd2 c5 5. dxc5 d4 6. Nb5 Bxc5 7. Bf4 Na6 8. Nf3
Nf6 9. Bd3 Nxe4 10. O-O Nd6 11. Ne5 Qe7 12. Nxd6+ Bxd6 13. Bb5+ Kf8 14. Qxd4
Nc7 15. Ng6+ hxg6 16. Bxd6 Nxb5 17. Bxe7+ Kxe7 18. Qc5+ Nd6 19. Rfd1 Rd8 20.
Rxd6 1-0

[Event "Solingen-ch 2017"]
[Site "Solingen"]
[Date "2017.12.15"]
[Round "7.11"]
[White "Erkay, Necip-Ali"]
[Black "Zimdars, Wolfgang"]
[Result "1-0"]
[WhiteElo "1955"]
[BlackElo "1626"]
[PlyCount "69"]
[EventDate "2017.??.??"]
[WhiteTeam "SG Solingen"]
[BlackTeam "SG Solingen"]

1. d4 Nf6 2. c4 e6 3. g3 d5 4. Bg2 Nbd7 5. Nf3 Bb4+ 6. Bd2 Bxd2+ 7. Nbxd2 c6 8.
O-O O-O 9. Qc2 Qe7 10. e4 dxe4 11. Nxe4 Nxe4 12. Qxe4 Qf6 13. b4 Qg6 14. Qe2
Qf6 15. Rfe1 g5 16. h3 Kg7 17. Qd2 h6 18. a4 Qg6 19. Qc3 Qf6 20. Nd2 Kg8 21. b5
c5 22. Ne4 Qe7 23. dxc5 f6 24. Qd4 Ne5 25. Rad1 Rb8 26. Nd6 Nf7 27. Nxf7 Qxf7
28. Qd6 Ra8 29. c6 bxc6 30. Bxc6 Bb7 31. Bxb7 Qxb7 32. Qxe6+ Qf7 33. c5 Rfe8
34. Qxf7+ Kxf7 35. Rd7+ 1-0

[Event "Solingen-ch 2017"]
[Site "Solingen"]
[Date "2017.12.15"]
[Round "7.12"]
[White "Borchert, Stephan"]
[Black "Falk, Thomas"]
[Result "1-0"]
[WhiteElo "1914"]
[BlackElo "1536"]
[PlyCount "53"]
[EventDate "2017.??.??"]
[WhiteTeam "SG Solingen"]
[BlackTeam "Elberfelder SG"]

1. e4 d5 2. exd5 Qxd5 3. Nc3 Qd6 4. d4 Nf6 5. Nf3 a6 6. h3 Nc6 7. Be3 Bf5 8.
Bd3 Bxd3 9. Qxd3 e6 10. O-O O-O-O 11. Rfd1 Nb4 12. Qe2 h6 13. Ne5 Qe7 14. Na4
Nbd5 15. Nc5 Nd7 16. Nc6 Qe8 17. Nxd8 Nxc5 18. dxc5 Nxe3 19. Qxe3 Be7 20. c6 b6
21. Qd3 Bd6 22. Nb7 Qxc6 23. Nxd6+ cxd6 24. Qxd6 Qb5 25. a4 Qxb2 26. Rab1 Qxc2
27. Rdc1 1-0

[Event "Solingen-ch 2017"]
[Site "Solingen"]
[Date "2017.12.15"]
[Round "7.13"]
[White "Lux, Andreas"]
[Black "Ipekyilmaz, Mert"]
[Result "0-1"]
[WhiteElo "1893"]
[BlackElo "1635"]
[PlyCount "104"]
[EventDate "2017.??.??"]
[WhiteTeam "vereinslos"]
[BlackTeam "Langenfelder SF"]

1. d4 Nf6 2. Nf3 d5 3. e3 c5 4. c3 e6 5. Bd3 Nc6 6. Nbd2 Bd6 7. O-O O-O 8. dxc5
Bxc5 9. e4 dxe4 10. Nxe4 Nxe4 11. Bxe4 Bd7 12. Bxh7+ Kxh7 13. Ng5+ Kg6 14. Ne4
Bxf2+ 15. Rxf2 f5 16. Nc5 Bc8 17. Qf3 Qd6 18. Ne4 Qe5 19. Ng3 Rh8 20. Bf4 Qf6
21. Rd1 e5 22. Bc1 f4 23. Ne4 Qh4 24. Rd6+ Kh7 25. g3 Qg4 26. Qxg4 Bxg4 27.
gxf4 exf4 28. Rxf4 Ne5 29. Ng5+ Kg8 30. Rfd4 Nf3+ 31. Nxf3 Bxf3 32. Rd3 Bc6 33.
Rg3 Kf7 34. Be3 Rad8 35. Rdg6 Rd1+ 36. Kf2 Rxh2+ 37. Rg2 Rxg2+ 38. Rxg2 Bxg2
39. Kxg2 Rb1 40. Bxa7 Rxb2+ 41. Kf3 Rxa2 42. Bd4 g6 43. Kg3 b5 44. Kf4 Ra4 45.
Ke5 Rc4 46. Kd5 g5 47. Ke4 g4 48. Kd3 Kg6 49. Ke2 Kf5 50. Kd3 Kf4 51. Ke2 Rxd4
52. cxd4 Ke4 0-1

[Event "Solingen-ch 2017"]
[Site "Solingen"]
[Date "2017.12.15"]
[Round "7.14"]
[White "Kaiser, Stephan"]
[Black "Littek, Oliver"]
[Result "1-0"]
[WhiteElo "1811"]
[BlackElo "1595"]
[PlyCount "33"]
[EventDate "2017.??.??"]
[WhiteTeam "SG Solingen"]
[BlackTeam "SG Solingen"]

1. d4 d5 2. c4 c6 3. Nf3 Bf5 4. Nc3 Nf6 5. e3 Ne4 6. Qb3 Nxc3 7. bxc3 b6 8. Ba3
Bg4 9. Be2 e6 10. Bxf8 Kxf8 11. O-O g6 12. h3 Bxf3 13. Bxf3 Kg7 14. cxd5 exd5
15. c4 Qc8 16. cxd5 Na6 17. dxc6 1-0

[Event "Solingen-ch 2017"]
[Site "Solingen"]
[Date "2017.12.15"]
[Round "7.17"]
[White "Schubert, Stefan"]
[Black "Ehringfeld, Michael"]
[Result "0-1"]
[WhiteElo "1641"]
[BlackElo "1569"]
[PlyCount "86"]
[EventDate "2017.??.??"]
[WhiteTeam "SG Solingen"]
[BlackTeam "SG Solingen"]

1. c4 Nf6 2. Nc3 g6 3. g3 Bg7 4. Bg2 c6 5. Nf3 d5 6. cxd5 cxd5 7. O-O O-O 8. d4
Nc6 9. Be3 Bd7 10. Rb1 Rc8 11. Ne5 Bf5 12. Nxc6 Rxc6 13. Rc1 Qd7 14. Qd2 Rfc8
15. b3 Bh3 16. Na4 b6 17. Rxc6 Rxc6 18. Rc1 Bxg2 19. Kxg2 Ne4 20. Qb2 b5 21.
Nc3 e5 22. Nxe4 dxe4 23. Rxc6 Qxc6 24. dxe5 Qd5 25. Bxa7 e3+ 26. f3 Bxe5 27.
Qc1 Qd2 28. Qf1 Bd4 29. Bxd4 Qxd4 30. f4 Qd2 31. a4 bxa4 32. bxa4 Qa2 33. Qd1
Qd2 34. Qf1 Qa2 35. Qf3 Qa3 36. Qa8+ Kg7 37. Kf3 f5 38. a5 Kh6 39. a6 Qd6 40.
g4 fxg4+ 41. Kxg4 Qd7+ 42. Kf3 Qh3+ 43. Ke4 Qg2+ 0-1

[Event "Solingen-ch 2017"]
[Site "Solingen"]
[Date "2017.12.15"]
[Round "7.18"]
[White "Schubert, Florian"]
[Black "Skiber, Friedel"]
[Result "0-1"]
[WhiteElo "1297"]
[BlackElo "1730"]
[PlyCount "39"]
[EventDate "2017.??.??"]
[WhiteTeam "SG Solingen"]
[BlackTeam "SG Solingen"]

1. e4 d6 2. Nf3 Nf6 3. Nc3 g6 4. d4 Bg7 5. Bf4 O-O 6. Bc4 c6 7. e5 Ne8 8. O-O
b5 9. Nxb5 d5 10. Bxd5 cxd5 11. Rc1 Ba6 12. a4 Nc7 13. Nxc7 Qxc7 14. Re1 Nc6
15. Qe2 Bxe2 16. Rxe2 Qb6 17. e6 fxe6 18. Rxe6 Rf6 19. Rce1 Rxf4 20. Rxe7 0-1